000
00277nam a22001217a 4500
008
260424b |||||||| |||| 00| 0 eng d
082
_a
001068
100
_a
Narayanachar, K S
245
_a
Agasthya
260
_a
Hubli
_b
Sahitya Prakashana
_c
2017
300
_a
250p
942
_2
ddc
999
_c
1308
_d
1308